| 000 | 00661nam a2200253Ia 4500 | ||
|---|---|---|---|
| 008 | 171120s9999 xx 000 0 und d | ||
| 020 | _a9.7807534079e+012 | ||
| 050 | _a388 | ||
| 050 | _bB873 2001 | ||
| 100 | _aBrooks, Philip | ||
| 245 | _aQuestions & answers transport / | ||
| 245 | _cby Philip Brooks. | ||
| 260 | _aLondon : | ||
| 260 | _bScholastic Inc., | ||
| 260 | _c2001 | ||
| 300 | _a40 pages : | ||
| 300 | _bcolor illustrations ; | ||
| 300 | _c27cm. | ||
| 500 | _aIncludes index. | ||
| 650 | _aTransportation -- | ||
| 650 | _aTransportation. | ||
| 650 | _xJuvenile literature. | ||
| 700 | _aTitle : Questions and answers transport. | ||
| 999 |
_c345099 _d345099 |
||